000 00221nam a2200097Ia 4500
005 20251222114403.0
008 251222s1900||||xx |||||||||||||| ||spa||
082 _aDVD0111/B81/Ej.2
245 0 _aLos increĆ­bles:
942 _cDVD
999 _c1702
_d1702